Matematika pre 2. ročník základnej školy učebnica

Bibliographic Details
Main Author: Divíšek, Jiří, 1935- (Author)
Format: Book
Language:English
PhysicalDescription:124, 3 s.
Published: Bratislava Slovenské pedagogické nakladateľstvo 1987
Edition:2. vyd.

MARC

LEADER 00000nam a2200000 a 4500
001 vtls008698199
003 SK-MaSNL
005 20260301021728.0
008 240315 xo 000 0 eng
040 |a SNK  |b slo  |c SNK  |e AACR2 
044 |a xo  |c SK 
100 1 |a Divíšek, Jiří,  |d 1935-  |4 aut  |9 87471 
245 1 |a Matematika pre 2. ročník základnej školy  |b učebnica 
250 |a 2. vyd. 
260 |a Bratislava  |b Slovenské pedagogické nakladateľstvo  |c 1987 
300 |a 124, 3 s. 
999 |c 565993  |d 567923 
952 |a SNK  |b SNK  |y VYP  |7 0  |p 17A0507256  |o snkSD 59618 D1  |i snkKSP 11908/87  |0 0  |1 0  |4 0  |d 2006-05-04  |l 0  |r 2026-02-23 13:57:39  |w 2026-02-23 
952 |a SNK  |b SNK  |y PREZ  |7 0  |p 17A0475309  |o snkSD 59618  |i snkKSP 11907/87  |0 0  |1 0  |4 0  |d 2006-06-09  |l 0  |r 2026-02-23 13:57:39  |w 2026-02-23